LEADER 00736nam0-22002771i-450- 001 990006219000403321 005 19980601 035 $a000621900 035 $aFED01000621900 035 $a(Aleph)000621900FED01 035 $a000621900 100 $a19980601d1907----km-y0itay50------ba 105 $a--------00-yy 200 1 $aDiscorsi varii$fVincenzo Calenda di Tavani. 210 $aNapoli$cL. Pierro$d1907 215 $aVII,, 305 p.$d24 cm 676 $a808.85 700 1$aCalenda di Tavani,$bVincenzo$0235399 801 0$aIT$bUNINA$gRICA$2UNIMARC 901 $aBK 912 $a990006219000403321 952 $aLEG.FIORE I 69$b7488$fFGBC 959 $aFGBC 996 $aDiscorsi varii$9637030 997 $aUNINA DB $aGIU01 LEADER 04682 am 2200793 n 450 001 9910416505103321 005 20200301 010 $a2-36245-082-1 024 7 $a10.4000/books.ifeagd.3187 035 $a(CKB)4100000011144282 035 $a(FrMaCLE)OB-ifeagd-3187 035 $a(oapen)https://directory.doabooks.org/handle/20.500.12854/42677 035 $a(PPN)244248141 035 $a(EXLCZ)994100000011144282 100 $a20200427j|||||||| ||| 0 101 0 $afre 135 $auu||||||m|||| 181 $ctxt$2rdacontent 182 $cc$2rdamedia 183 $acr$2rdacarrier 200 13$aLa Cappadoce méridionale de la Préhistoire à l'époque byzantine $e3e Rencontres d'archéologie de IFEA, Istanbul 8-9 novembre 2012 /$fAksel Tibet, Olivier Henry, Dominique Beyer 210 $aIstanbul $cInstitut français d?études anatoliennes$d2020 215 $a1 online resource (249 p.) 311 $a2-36245-059-7 330 $aIl y a environ 25 ans, Olivier Pelon organisait à l?Institut Français d?Études Anatoliennes d?Istanbul un colloque destiné à faire l?état des recherches sur la Cappadoce méridionale jusqu?à la fin de l?époque romaine. Un quart de siècle après ce premier colloque, il était intéressant de faire un nouveau point sur l?avancée des recherches dans cette Cappadoce méridionale, de la préhistoire à la période byzantine. Ce nouveau colloque, placé cette fois encore sous l?égide de l?Institut Français d?Études Anatoliennes et intégré à la série des Rencontres d?archéologie de l?IFEA réunit vingt-trois communications. Si les périodes néolithique et chalcolithique ont été particulièrement bien représentées, ce qui témoigne bien de l?importance de cette phase de la préhistoire cappadocienne, liée aux gisements d?obsidienne des Melendiz Da?lar?, on soulignera en revanche l?absence presque totale du Bronze Ancien. Cette phase est en effet peu représentée dans l?archéologie locale. La même remarque peut s?appliquer au Bronze Moyen. La fin du Bronze Moyen, fort heureusement, est représentée à Porsuk, de même que le Bronze Récent qui bénéficie, depuis peu, tout comme l?Âge du Fer, du démarrage fructueux des fouilles de K?n?k Höyük. Enfin, l?Antiquité tardive et Byzance ont pu être représentées, principalement autour de Tyane, ce qui n?avait pas pu être le cas lors du premier colloque. En octobre 2012, quelques semaines avant la tenue de la Rencontre, on apprenait malheureusement le décès brutal et inattendu d?Olivier Pelon, ancien directeur de la mission de Porsuk (jusqu?en 2002) et organisateur de ce premier colloque cappadocien. C?est bien en hommage à sa mémoire que notre Rencontre cappadocienne de 2012 et sa publication ont été naturellement dédiées. 606 $aExcavations (Archaeology)$zTurkey$zCappadocia$vCongresses 607 $aCappadocia (Turkey)$xAntiquities, Byzantine$vCongresses 607 $aCappadocia (Turkey)$xAntiquities$vCongresses 610 $aépigraphie 610 $acivilisation lycienne 610 $aHittites 610 $aCappadoce méridionale 610 $aantiquité 610 $afouilles archéologiques 610 $aatelier 610 $aarchéologie 615 0$aExcavations (Archaeology) 700 $aAsolati$b Michele$0320335 701 $aAydar$b Erkan$01319010 701 $aBalza$b Maria Elena$01319011 701 $aBaz$b Ferit$01319012 701 $aBeyer$b Dominique$0674379 701 $aCasabonne$b Olivier$0459630 701 $aÇiner$b Attila$01319013 701 $aCrisafulli$b Cristina$0320336 701 $aDuru$b Güne?$01319014 701 $aKirner$b Françoise$01319015 701 $aKozal$b Ekin$01319016 701 $aKuzucuo?lu$b Catherine$0531905 701 $aLachin$b Maria Teresa$01319017 701 $aLaroche-Traunecker$b Françoise$01290447 701 $aLebreton$b Stéphane$01313062 701 $aMétivier$b Sophie$0623597 701 $aMouton$b Alice$0777366 701 $aÖzba?aran$b Mihriban$01319018 701 $aPatrier-Lacambre$b Julie$01319019 701 $aPelon?$b Olivier$0211044 701 $aRosada$b Guido$0154459 701 $aSar?kaya$b M. Akif$01319020 701 $aTibet$b Aksel$0299780 701 $aTurchetto$b Jacopo$01319021 701 $aTibet$b Aksel$0299780 701 $aHenry$b Olivier$065310 701 $aBeyer$b Dominique$0674379 801 0$bFR-FrMaCLE 906 $aBOOK 912 $a9910416505103321 996 $aLa Cappadoce méridionale de la Préhistoire à l'époque byzantine$93033604 997 $aUNINA LEADER 03331nam 2200853Ia 450 001 9910792231203321 005 20230721015402.0 010 $a0-19-989017-X 010 $a1-281-15877-1 010 $a0-19-802877-6 010 $a9786611158774 010 $a1-4356-1720-7 010 $a0-19-512375-1 035 $a(CKB)2560000000296684 035 $a(EBL)415568 035 $a(OCoLC)307619480 035 $a(SSID)ssj0000207145 035 $a(PQKBManifestationID)11185639 035 $a(PQKBTitleCode)TC0000207145 035 $a(PQKBWorkID)10229063 035 $a(PQKB)10216312 035 $a(SSID)ssj0000592049 035 $a(PQKBManifestationID)12283419 035 $a(PQKBTitleCode)TC0000592049 035 $a(PQKBWorkID)10727768 035 $a(PQKB)11212354 035 $a(StDuBDS)EDZ0000023779 035 $a(MiAaPQ)EBC415568 035 $a(Au-PeEL)EBL415568 035 $a(CaPaEBR)ebr10211997 035 $a(CaONFJC)MIL115877 035 $a(EXLCZ)992560000000296684 100 $a20070404d2008 uy 0 101 0 $aeng 135 $aur|n|---||||| 181 $ctxt 182 $cc 183 $acr 200 10$aMusic, language, and the brain$b[electronic resource] /$fAniruddh D. Patel 210 $aNew York ;$aOxford $cOxford University Press$d2008 215 $a1 online resource (526 p.) 300 $aDescription based upon print version of record. 311 $a0-19-975530-2 311 $a0-19-984803-3 320 $aIncludes bibliographical references (p. 419-485) and indexes. 327 $aSound elements: pitch and timbre -- Rhythm -- Melody -- Syntax -- Meaning -- Evolution. 330 $aIn the first comprehensive study of the relationship between music and language from the standpoint of cognitive neuroscience, Aniruddh D. Patel challenges the widespread belief that music and language are processed independently. Since Plato's time, the relationship between music and language has attracted interest and debate from a wide range of thinkers. Recently, scientific research on this topic has been growing rapidly, as scholars from diverse disciplines, including linguistics, cognitive science, music cognition, and neuroscience are drawn to the music-language interface as one way to 606 $aAuditory perception$xPhysiological aspects 606 $aCognitive neuroscience 606 $aCommunication 606 $aLanguage acquisition$xPhysiological aspects 606 $aMusic and language 606 $aMusic$xPhysiological aspects 606 $aMusic$xPsychological aspects 606 $aSchemas (Psychology) 606 $aSociobiology$xComparative method 615 0$aAuditory perception$xPhysiological aspects. 615 0$aCognitive neuroscience. 615 0$aCommunication. 615 0$aLanguage acquisition$xPhysiological aspects. 615 0$aMusic and language. 615 0$aMusic$xPhysiological aspects. 615 0$aMusic$xPsychological aspects. 615 0$aSchemas (Psychology) 615 0$aSociobiology$xComparative method. 676 $a781.11 700 $aPatel$b Aniruddh D$01529804 801 0$bMiAaPQ 801 1$bMiAaPQ 801 2$bMiAaPQ 906 $aBOOK 912 $a9910792231203321 996 $aMusic, language, and the brain$93774281 997 $aUNINA